[Event "Challenge"]
[Site "http://www.queenalice.com/game.php?id=89088"]
[Date "2006.7.24"]
[Round "-"]
[White "Bryan_tan"]
[Black "miguel"]
[Result "1-0"]
[WhiteElo "1568"]
[BlackElo "1675"]

1. e4 e5 2. Nf3 Nc6 3. d4 exd4 4. Bc4 Bc5 5. c3 dxc3 6. Nxc3 Nf6 7. O-O d6 8.
Bg5 Bg4 9. Nd5 Ne5 10. Be2 Ned7 11. a4 O-O 12. b4 Bxb4 13. Nxb4 Qe8 14. Bd3 Nxe4
15. Re1 Ndc5 16. Bxe4 Nxe4 17. Qd4 Bxf3 18. gxf3 c5 19. Qxe4 cxb4 20. Qxe8 Rfxe8
21. Re7 Rxe7 22. Bxe7 d5 23. Bxb4 d4 24. Rd1 Rd8 25. Bc5 a6 26. Rxd4 Re8 27. Be7
h5 28. Bb4 g5 29. Rd7 b5 30. axb5 axb5 31. Rd5 Rb8 32. Rxg5+ Kh7 33. Rxh5+ Kg6
34. Rc5 f5 35. Kg2 Rb7 36. Kg3 Kg5 37. f4+ Kf6 38. h4 Rg7+ 39. Kf3 Rh7 40. Rc6+
Kg7 41. Rc7+ Kg6 42. Rxh7 Kxh7 43. Ke3 Kg6 44. Kd4 Kh5 45. Ke5 Kg4 46. f3+ Kxh4
47. Kxf5 Kh5 48. Kf6 Kh6 49. f5 1-0

[Event "Challenge"]
[Site "http://www.queenalice.com/game.php?id=93020"]
[Date "2006.8.5"]
[Round "-"]
[White "Bryan_tan"]
[Black "Muggs"]
[Result "1-0"]
[WhiteElo "1540"]
[BlackElo "1200"]

1. e4 e5 2. Nf3 Nc6 3. d4 Bb4+ 4. c3 Ba5 5. b4 Bb6 6. d5 Bxf2+ 7. Kxf2 Nf6 8.
dxc6 bxc6 9. Bd3 d5 10. exd5 cxd5 11. Nxe5 Bg4 12. Nxg4 d4 13. Nxf6+ Qxf6+ 14.
Qf3 Qb6 15. Qe4+ Qe6 16. Qxa8+ 1-0

[Event "AUTO-INT-141"]
[Site "http://www.queenalice.com/game.php?id=97319"]
[Date "2006.8.19"]
[Round "1"]
[White "azad_m"]
[Black "Bryan_tan"]
[Result "0-1"]
[WhiteElo "1598"]
[BlackElo "1557"]

1. e4 c5 2. Bc4 a6 3. a4 e6 4. Nf3 Nc6 5. O-O g6 6. b3 Bg7 7. Ra2 Nge7 8. Ng5
O-O 9. Nc3 h6 10. Nf3 b6 11. Bb2 Bb7 12. Re1 Qc7 13. Qe2 Rfe8 14. g3 Kh8 15. Qe3
d6 16. Nh4 Nb4 17. Rb1 Nxc2 18. Qd3 Nb4 19. Qe2 Nxa2 20. Nxa2 Bxb2 21. Rxb2 d5
22. exd5 exd5 23. Bd3 Nf5 24. Qg4 Nxh4 25. Qxh4 Kg7 26. Nc1 Qc6 27. Kf1 d4 28.
Ne2 Qh1+ 29. Ng1 Qg2# 0-1

[Event "AUTO-INT-141"]
[Site "http://www.queenalice.com/game.php?id=97320"]
[Date "2006.8.19"]
[Round "1"]
[White "Bryan_tan"]
[Black "azad_m"]
[Result "1-0"]
[WhiteElo "1539"]
[BlackElo "1596"]

1. e4 e5 2. Nf3 Nc6 3. d4 exd4 4. Bc4 Bc5 5. c3 dxc3 6. Bxf7+ Kf8 7. Nxc3 Nf6 8.
Bd5 Nxd5 9. Nxd5 Ne7 10. O-O d6 11. Bg5 Bg4 12. Bxe7+ Qxe7 13. Nxe7 Kxe7 14. Re1
c6 15. e5 Kd7 16. Re4 h5 17. h3 Bf5 18. e6+ Bxe6 19. Ne5+ Kc7 20. Ng6 Bf5 21.
Re7+ Kd8 22. Rxg7 Re8 23. Qxh5 Bxg6 24. Qxg6 Rc8 25. Rd1 Rf8 26. Qg5+ Ke8 27.
Qe7# 1-0

[Event "AUTO-INT-141"]
[Site "http://www.queenalice.com/game.php?id=97334"]
[Date "2006.8.19"]
[Round "1"]
[White "kanja90"]
[Black "Bryan_tan"]
[Result "0-1"]
[WhiteElo "1130"]
[BlackElo "1550"]

1. d4 d5 2. Nc3 Nf6 3. Be3 e6 4. f4 Bb4 5. a3 Ba5 6. Qd3 Nbd7 7. O-O-O c6 8. h3
h6 9. f5 Qe7 10. g3 e5 11. Nf3 e4 0-1

[Event "AUTO-INT-141"]
[Site "http://www.queenalice.com/game.php?id=97335"]
[Date "2006.8.19"]
[Round "1"]
[White "Bryan_tan"]
[Black "jobjarna"]
[Result "1/2-1/2"]
[WhiteElo "1588"]
[BlackElo "1740"]

1. e4 c5 2. Nc3 a6 3. g3 e5 4. Bg2 d6 5. d3 Nc6 6. f4 exf4 7. Bxf4 Nf6 8. Qd2
Be7 9. Nf3 h6 10. O-O Bg4 11. Rae1 Nh5 12. Be3 Nf6 13. d4 O-O 14. d5 Nb8 15. h3
Bxf3 16. Bxf3 Nbd7 17. Bg2 Ne5 18. Bf4 b5 19. a3 Nh5 20. Bxe5 dxe5 21. g4 Nf4
22. Ne2 Nxg2 23. Kxg2 Bg5 24. Qd3 Be7 25. Ng3 g6 26. c4 Qb6 27. Re2 bxc4 28.
Qxc4 Qb5 29. Qxb5 axb5 30. Rd2 Bd6 31. Rf6 Rfd8 32. Rdf2 Rd7 33. Ne2 b4 34. axb4
cxb4 35. Ng3 Ra2 36. b3 Rxf2+ 37. Rxf2 Rc7 38. Re2 Rc3 39. Rb2 Be7 40. Ne2 Rc8
41. Kf3 Kf8 42. Ke3 Bh4 43. Kd2 1/2-1/2

[Event "AUTO-INT-141"]
[Site "http://www.queenalice.com/game.php?id=97336"]
[Date "2006.8.19"]
[Round "1"]
[White "jobjarna"]
[Black "Bryan_tan"]
[Result "1-0"]
[WhiteElo "1701"]
[BlackElo "1578"]

1. d4 d5 2. c4 e6 3. e3 Nf6 4. Nf3 c6 5. a3 a5 6. Nbd2 Bd6 7. Bd3 b6 8. O-O O-O
9. Qc2 Bb7 10. b3 Qd7 11. Bb2 Na6 12. Rfe1 Rfe8 13. Ne5 Qc7 14. f3 h6 15. e4
Rac8 16. Rac1 Bxe5 17. dxe5 Nd7 18. f4 Qd8 19. Qd1 Nac5 20. Bb1 Nb8 21. Qc2 Nba6
22. exd5 g6 23. d6 Nd7 24. Bd4 c5 25. Be3 Kg7 26. Rf1 Kh7 27. Rce1 Rg8 28. Qd1
Nab8 29. Nf3 Nc6 30. g3 Nf8 31. Be4 Qd7 32. Qd2 Rb8 33. Qg2 Rg7 34. Qh3 Re8 35.
f5 exf5 36. Bd5 Bc8 37. Bxh6 1-0

[Event "AUTO-OPEN-362"]
[Site "http://www.queenalice.com/game.php?id=97599"]
[Date "2006.8.19"]
[Round "1"]
[White "serrameira"]
[Black "Bryan_tan"]
[Result "1-0"]
[WhiteElo "1580"]
[BlackElo "1554"]

1. e4 c5 2. Nf3 e6 3. Nc3 Nc6 4. Bb5 Qb6 5. O-O a6 6. Bxc6 Qxc6 7. d4 b5 8. d5
Qc7 9. dxe6 dxe6 10. e5 g6 11. Re1 Bg7 12. h3 Ne7 13. Ne4 O-O 14. Qd6 Qxd6 15.
exd6 Nc6 16. Nxc5 Rd8 17. Rd1 Bf8 18. Ne4 f5 19. Nf6+ Kg7 20. d7 Bb7 21. Ne8+
Kh8 22. Nc7 Rab8 23. Nxe6 1-0

[Event "AUTO-OPEN-362"]
[Site "http://www.queenalice.com/game.php?id=97600"]
[Date "2006.8.19"]
[Round "1"]
[White "Bryan_tan"]
[Black "serrameira"]
[Result "0-1"]
[WhiteElo "1589"]
[BlackElo "1714"]

1. e4 e5 2. Nf3 Nf6 3. Nc3 Bb4 4. Qe2 Bxc3 5. bxc3 Nc6 6. Bb2 d6 7. d4 exd4 8.
cxd4 O-O 9. d5 Ne5 10. Nxe5 dxe5 11. g3 Re8 12. Bg2 c6 13. Rd1 Qa5+ 14. Qd2 Qa4
15. Qd3 cxd5 16. exd5 e4 17. Qb3 Qxb3 18. axb3 Bg4 19. Rd4 Bf3 20. O-O Bxg2 21.
Kxg2 Nd7 22. Re1 f5 23. h3 g6 24. c4 a5 25. Ba3 b6 26. Bd6 Nc5 27. Bxc5 bxc5 28.
Rdd1 Rab8 29. Rb1 Rb4 30. Kf1 Reb8 31. Re3 a4 32. Ke2 a3 0-1

[Event "AUTO-OPEN-362"]
[Site "http://www.queenalice.com/game.php?id=97619"]
[Date "2006.8.19"]
[Round "1"]
[White "Aaron_tan"]
[Black "Bryan_tan"]
[Result "1/2-1/2"]
[WhiteElo "1581"]
[BlackElo "1567"]

1. e4 c5 2. f4 d6 3. g3 g6 4. Bg2 Bg7 5. Nf3 Nc6 6. O-O Nf6 7. d3 Qc7 8. Nc3 a6
9. Be3 b6 10. Qe2 Bb7 11. h3 O-O 12. Bf2 Rad8 13. g4 Rfe8 14. Rad1 b5 15. e5
dxe5 16. fxe5 Nd7 17. e6 Nde5 18. exf7+ Nxf7 19. Bxc5 Nd4 20. Bxd4 Bxd4+ 21.
Nxd4 Bxg2 22. Qxg2 Rxd4 23. Qf2 Rf8 24. Ne4 Rd5 25. Qg2 Rd7 26. Nc3 Qb7 1/2-1/2

[Event "AUTO-OPEN-362"]
[Site "http://www.queenalice.com/game.php?id=97620"]
[Date "2006.8.19"]
[Round "1"]
[White "Bryan_tan"]
[Black "Aaron_tan"]
[Result "1/2-1/2"]
[WhiteElo "1578"]
[BlackElo "1581"]

1. e4 c5 2. Nc3 e6 3. g3 g6 4. Bg2 Bg7 5. d3 Nc6 6. Be3 b6 7. Qd2 Bb7 8. f4 Nge7
9. Nf3 Qc7 10. O-O O-O 11. Rad1 Rad8 12. Bf2 h6 13. Rfe1 d6 14. d4 cxd4 15. Nxd4
e5 16. fxe5 Nxe5 17. Ncb5 Qb8 18. Nc3 a6 19. a3 Qc7 20. h3 Nc4 21. Qc1 Ne5 22.
Qe3 Nc4 23. Qc1 Ne5 24. Qe3 N5c6 25. Qc1 Ne5 1/2-1/2

[Event "AUTO-OPEN-362"]
[Site "http://www.queenalice.com/game.php?id=97629"]
[Date "2006.8.19"]
[Round "1"]
[White "fatharry"]
[Black "Bryan_tan"]
[Result "1-0"]
[WhiteElo "2036"]
[BlackElo "1554"]

1. e4 c5 2. Nf3 Nc6 3. d4 cxd4 4. Nxd4 g6 5. c4 Bg7 6. Be3 e6 7. Nc3 Nge7 8. Rc1
b6 9. Be2 Bb7 10. O-O O-O 11. Qd2 Qc7 12. Rfd1 Rad8 13. f3 Kh8 14. Rc2 Kg8 15.
Ndb5 Qb8 16. Qd6 Qxd6 17. Nxd6 Ba8 18. Ncb5 a6 19. Nc7 1-0

[Event "AUTO-OPEN-362"]
[Site "http://www.queenalice.com/game.php?id=97630"]
[Date "2006.8.19"]
[Round "1"]
[White "Bryan_tan"]
[Black "fatharry"]
[Result "0-1"]
[WhiteElo "1552"]
[BlackElo "1970"]

1. e4 d6 2. d4 Nf6 3. Nc3 g6 4. g3 Bg7 5. Bg2 O-O 6. f4 Bg4 7. Qd3 c6 8. Be3 Re8
9. Nge2 e5 10. O-O Qd7 11. Rad1 Re7 12. fxe5 dxe5 13. dxe5 Rxe5 14. Qxd7 Nbxd7
15. Rde1 Rae8 16. Bd4 R5e7 17. Nf4 c5 18. Bxf6 Bxf6 19. Nfd5 Bd4+ 20. Kh1 Re5
21. h3 Be6 22. Nc7 Bxc3 23. bxc3 Re7 24. a3 Bc4 25. Rf4 Nb6 0-1

[Event "Challenge"]
[Site "http://www.queenalice.com/game.php?id=103237"]
[Date "2006.9.6"]
[Round "-"]
[White "Bryan_tan"]
[Black "miguel"]
[Result "1-0"]
[WhiteElo "1579"]
[BlackElo "1644"]

1. e4 e5 2. Nf3 Nc6 3. d4 exd4 4. Bc4 Bc5 5. c3 dxc3 6. Bxf7+ Kxf7 7. Qd5+ Ke8
8. Qxc5 cxb2 9. Bxb2 Nf6 10. Nbd2 b6 11. Qc2 Bb7 12. O-O Nb4 13. Qb3 a5 14. Ng5
Qe7 15. a3 h6 16. axb4 hxg5 17. Bxf6 Qxf6 18. bxa5 Rxa5 19. Rxa5 bxa5 20. Qxb7
Ke7 21. Qxc7 a4 22. Qc5+ Qd6 23. Qxd6+ Kxd6 24. Ra1 Ra8 25. Kf1 Ke5 26. Nf3+ Kf4
27. Ke2 g4 28. Nd2 g5 29. Kd3 Ke5 30. Nc4+ Kf4 31. Nb6 Ra6 32. Nxa4 Rd6+ 33. Ke2
Kxe4 34. f3+ gxf3+ 35. gxf3+ Kf5 36. Rg1 Re6+ 37. Kf2 Kf4 38. Rg4+ Kf5 39. Nc3
Rh6 40. Kg3 Rh4 41. Rxh4 gxh4+ 42. Kxh4 Kf4 43. Kh5 Kxf3 44. Kg5 d6 45. h4 1-0

[Event "Challenge"]
[Site "http://www.queenalice.com/game.php?id=118067"]
[Date "2006.10.17"]
[Round "-"]
[White "Bryan_tan"]
[Black "zechariahsl"]
[Result "0-1"]
[WhiteElo "1594"]
[BlackElo "1674"]

1. e4 e5 2. Nf3 Bc5 3. c3 Nf6 4. Qc2 d6 5. d4 exd4 6. cxd4 Bb4+ 7. Bd2 Bxd2+ 8.
Nbxd2 Nc6 9. Bc4 Qe7 10. O-O O-O 11. Rfe1 Bg4 12. a3 Rae8 13. Bd3 a6 14. Rac1
Bxf3 15. Nxf3 Rc8 16. e5 dxe5 17. dxe5 Nd7 0-1

[Event "Challenge"]
[Site "http://www.queenalice.com/game.php?id=186683"]
[Date "2007.3.23"]
[Round "-"]
[White "wumuyu"]
[Black "Bryan_tan"]
[Result "0-1"]
[WhiteElo "1610"]
[BlackElo "1586"]

1. e4 c5 2. c3 e6 3. d4 cxd4 4. cxd4 d5 5. exd5 exd5 6. Nf3 Nf6 7. Nc3 Nc6 8.
Bg5 Be7 9. Bb5 a6 10. Bxc6+ bxc6 11. O-O O-O 12. Re1 Re8 13. Qe2 Be6 0-1

[Event "Challenge"]
[Site "http://www.queenalice.com/game.php?id=239981"]
[Date "2007.7.14"]
[Round "-"]
[White "changchnps"]
[Black "Bryan_tan"]
[Result "0-1"]
[WhiteElo "1869"]
[BlackElo "1615"]

1. f4 d5 2. Nf3 e6 3. e3 Nc6 4. Be2 Nge7 5. O-O g6 6. d4 Bg7 7. c4 O-O 8. a3 a5
9. Ne5 Nxe5 10. fxe5 Nf5 11. Qd3 Bd7 12. cxd5 exd5 13. Nc3 Be6 14. Qb5 Qg5 15.
e4 Ne3 16. Bxe3 Qxe3+ 17. Rf2 Qxd4 18. Rd1 Qxe5 19. exd5 Bf5 20. Bd3 Bxd3 21.
Qxd3 Rfd8 22. Qf3 Rd7 23. Re2 Qd6 24. g3 Rc8 25. Rde1 Rdd8 26. Re7 f5 27. Kg2
Bxc3 28. Qxc3 Qxd5+ 29. Kh3 Qd4 30. Rxc7 Rxc7 31. Qxc7 Qg4+ 32. Kg2 Rd2+ 33. Kg1
Qd4+ 0-1

[Event "Challenge"]
[Site "http://www.queenalice.com/game.php?id=240360"]
[Date "2007.7.15"]
[Round "-"]
[White "Bryan_tan"]
[Black "zechariahsl"]
[Result "1-0"]
[WhiteElo "1605"]
[BlackElo "1667"]

1. e4 e6 2. d3 d5 3. Nd2 Nc6 4. g3 g6 5. Bg2 Bd6 6. Ngf3 Nge7 7. O-O O-O 8. b3
Bd7 9. Bb2 dxe4 10. Nxe4 Nf5 11. Re1 Nce7 12. Nf6+ Kh8 13. Nxd7+ Kg8 14. Nxf8
Qxf8 15. Qd2 Rd8 16. Ne5 Bxe5 17. Bxe5 Nd5 18. Bb2 Rd6 19. Ba3 1-0